Foundations of finance : (Record no. 18995)
[ view plain ]
| 000 -LEADER | |
|---|---|
| fixed length control field | 01237nam a2200349 i 4500 |
| 001 - CONTROL NUMBER | |
| control field | 016333289 |
| 003 - CONTROL NUMBER IDENTIFIER | |
| control field | OSt |
| 005 - DATE AND TIME OF LATEST TRANSACTION | |
| control field | 20201128021219.0 |
| 008 - FIXED-LENGTH DATA ELEMENTS--GENERAL INFORMATION | |
| fixed length control field | 130902t2014 xxka frbd 001 0 eng d |
| 020 ## - INTERNATIONAL STANDARD BOOK NUMBER | |
| International Standard Book Number | 9780273789956 (pbk.) |
| 020 ## - INTERNATIONAL STANDARD BOOK NUMBER | |
| International Standard Book Number | 0273789953 (pbk.) |
| 040 ## - CATALOGING SOURCE | |
| Original cataloging agency | StDuBDS |
| Language of cataloging | eng |
| Transcribing agency | StDuBDS |
| Modifying agency | Uk |
| -- | EG-ScBUE |
| 082 00 - DEWEY DECIMAL CLASSIFICATION NUMBER | |
| Classification number | 658.15 |
| Edition number | 22 |
| Item number | KEO |
| 100 1# - MAIN ENTRY--PERSONAL NAME | |
| Personal name | Keown, Arthur J. |
| 9 (RLIN) | 36855 |
| 245 10 - TITLE STATEMENT | |
| Title | Foundations of finance : |
| Remainder of title | the logic and practice of financial management / |
| Statement of responsibility, etc | Arthur J. Keown, John D. Martin, J. William Petty. |
| 250 ## - EDITION STATEMENT | |
| Edition statement | 8th ed., |
| Remainder of edition statement | global ed. |
| 260 ## - PUBLICATION, DISTRIBUTION, ETC. (IMPRINT) | |
| Place of publication, distribution, etc | Harlow, United Kingdom : |
| Name of publisher, distributor, etc | Pearson Education Limited, |
| Date of publication, distribution, etc | c.2014. |
| 300 ## - PHYSICAL DESCRIPTION | |
| Extent | 548 p. : |
| Other physical details | ill. (col.) ; |
| Dimensions | 28 cm. |
| 490 1# - Series Statement | |
| Series statement | The Pearson series in finance |
| 490 0# - Series Statement | |
| Series statement | Always learning |
| 500 ## - GENERAL NOTE | |
| General note | Previous edition: London: Prentice Hall, 2011. |
| 500 ## - GENERAL NOTE | |
| General note | Glossary : p. 531-538. |
| 500 ## - GENERAL NOTE | |
| General note | Includes indexes. |
| 504 ## - BIBLIOGRAPHY, ETC. NOTE | |
| Bibliography, etc | Includes bibliographical references. |
| 650 #0 - SUBJECT ADDED ENTRY--TOPICAL TERM | |
| Topical term or geographic name as entry element | Corporations |
| General subdivision | Finance |
| 9 (RLIN) | 2321 |
| 653 ## - INDEX TERM--UNCONTROLLED | |
| Resource For college | BAEPS, Business Administration |
| Arrived date list | February2015 |
| 655 ## - INDEX TERM--GENRE/FORM | |
| Form subdivision | |
| -- | 34232 |
| 700 1# - ADDED ENTRY--PERSONAL NAME | |
| Personal name | Martin, John D., |
| Dates associated with a name | 1945- |
| 9 (RLIN) | 36762 |
| 700 1# - ADDED ENTRY--PERSONAL NAME | |
| Personal name | Petty, J. William, |
| Dates associated with a name | 1942- |
| 9 (RLIN) | 37448 |
| 830 #4 - SERIES ADDED ENTRY--UNIFORM TITLE | |
| Uniform title | Pearson series in finance |
| 9 (RLIN) | 34961 |
| 942 ## - ADDED ENTRY ELEMENTS (KOHA) | |
| Source of classification or shelving scheme | Dewey Decimal Classification |
| Call number prefix | 658.15 KEO |
| Withdrawn status | Item status | Source of classification or shelving scheme | Damaged status | Not for loan | Vendor | Home library | Current library | Shelving location | Date acquired | Source of acquisition | Cost, normal purchase price | Serial Enumeration / chronology | Total Checkouts | Full call number | Barcode | Date last seen | Date last borrowed | Cost, replacement price | Koha item type |
|---|---|---|---|---|---|---|---|---|---|---|---|---|---|---|---|---|---|---|---|
| Dewey Decimal Classification | Baccah | Central Library | Central Library | First floor | 17/02/2015 | 246.00 | 21291 | 1 | 658.15 KEO | 000037436 | 15/07/2025 | 12/04/2016 | 308.00 | Book - Borrowing |